| 000 | 00940pam a2200277 i 4500 | ||
|---|---|---|---|
| 001 | 016525181 | ||
| 003 | OSt | ||
| 005 | 20171213155121.0 | ||
| 008 | 130906s2014 xxkae frd f000 0 eng d | ||
| 020 | _a9780199666379 (pbk.) | ||
| 040 |
_aStDuBDS _beng _cStDuBDS _dIeDuTC _dUk _dEG-ScBUE |
||
| 082 | 0 | 0 |
_a610.7303 _222 _bDIC |
| 245 | 0 | 2 |
_aA dictionary of nursing / _cconsultant Tanya A. McFerran ; editor Elizabeth A. Martin. |
| 246 | 3 | 4 | _aOxford dictionary of nursing |
| 250 | _a6th ed. | ||
| 260 |
_aOxford, United Kingdom : _bOxford University Press, _c2014. |
||
| 300 |
_avii, 632 p. : _bplans, tables ; _c20 cm. |
||
| 490 | 0 | _aOxford paperback reference | |
| 500 | _aPrevious edition : 2008. | ||
| 650 | 7 |
_aNursing _vDictionaries _2BUEsh _99403 |
|
| 651 | _2BUEsh | ||
| 653 |
_bNNUR _cJanuary2015 |
||
| 700 | 1 |
_aMcFerran, Tanya A. _econtributor. _937207 |
|
| 700 | 1 |
_aMartin, Elizabeth A. _eeditor. _937208 |
|
| 942 |
_2ddc _k610.7303 DIC |
||
| 999 |
_c18894 _d18866 |
||